Draft fourth five year plan, 1966-1971. (Record no. 88485)
[ view plain ]
| 000 -LEADER | |
|---|---|
| fixed length control field | 00819cam a2200253 4500 |
| 001 - CONTROL NUMBER | |
| control field | sa 68018534 |
| 003 - CONTROL NUMBER IDENTIFIER | |
| control field | DLC |
| 005 - DATE AND TIME OF LATEST TRANSACTION | |
| control field | 20260227112712.0 |
| 008 - FIXED-LENGTH DATA ELEMENTS--GENERAL INFORMATION | |
| fixed length control field | 711013m19669999ii 000 0 eng |
| 010 ## - LIBRARY OF CONGRESS CONTROL NUMBER | |
| LC control number | sa 68018534 |
| 025 ## - OVERSEAS ACQUISITION NUMBER | |
| Overseas acquisition number | PL480:I-E-10617 |
| 040 ## - CATALOGING SOURCE | |
| Original cataloging agency | DLC |
| Transcribing agency | DLC |
| Modifying agency | DLC |
| 043 ## - GEOGRAPHIC AREA CODE | |
| Geographic area code | a-ii--- |
| 050 00 - LIBRARY OF CONGRESS CALL NUMBER | |
| Classification number | SD414.I5 |
| Item number | U8 |
| 110 1# - MAIN ENTRY--CORPORATE NAME | |
| Corporate name or jurisdiction name as entry element | Uttar Pradesh (India). |
| Subordinate unit | Forest Department. |
| 245 10 - TITLE STATEMENT | |
| Title | Draft fourth five year plan, 1966-1971. |
| 260 ## - PUBLICATION, DISTRIBUTION, ETC. | |
| Place of publication, distribution, etc. | [Lucknow?] |
| Name of publisher, distributor, etc. | Dy. Chief Conservator of Forests (Planning), U.P. |
| Date of publication, distribution, etc. | [1966- |
| 300 ## - PHYSICAL DESCRIPTION | |
| Extent | v. |
| Dimensions | 34 cm. |
| 500 ## - GENERAL NOTE | |
| General note | Cover title. |
| 500 ## - GENERAL NOTE | |
| General note | "For official use only." |
| 505 1# - FORMATTED CONTENTS NOTE | |
| Formatted contents note | v. 1. Forestry & soil conservation; state and centrally sponsored. |
| 650 #0 - SUBJECT ADDED ENTRY--TOPICAL TERM | |
| Topical term or geographic name entry element | Forest conservation |
| Geographic subdivision | India |
| -- | Uttar Pradesh. |
| 650 #0 - SUBJECT ADDED ENTRY--TOPICAL TERM | |
| Topical term or geographic name entry element | Soil conservation |
| Geographic subdivision | India |
| -- | Uttar Pradesh. |
No items available.